Państwa Imperium Mongolskiego na mapie - Statystyki

Ogólne statystyki
  • Ten quiz został rozwiązany 3 391 razy
  • Średni wynik to 26 z 28
Odpowiedzi na mapie
Odpowiedzi zakodowano w zielono-czerwonej skali na mapie do tego quizu, zgodnie z poniższymi procentami.
 
Statystyki odpowiedzi
Państwo % Poprawnych
Rosja
100%
Chiny
99%
Kazachstan
99%
Mongolia
99%
Białoruś
98%
Ukraina
98%
Irak
97%
Iran
97%
Korea Północna
97%
Korea Południowa
97%
Polska
97%
Turcja
97%
Gruzja
96%
Mołdawia
96%
Rumunia
96%
Armenia
95%
Pakistan
95%
Afganistan
94%
Azerbejdżan
94%
Indie
94%
Uzbekistan
94%
Tadżykistan
93%
Turkmenistan
93%
Kirgistan
92%
Syria
90%
Wietnam
87%
Laos
85%
Mjanma
81%
Nie znaleziono quizów pasujących do podanych kryteriów
Rozkład punktacji
Procent ludzi z każdym wynikiem
Percentyl według liczby udzielonych odpowiedzi
Twoja historia wyników
Nie rozwiązałeś tego quizu